000 00612nam a2200217 a 4500
005 20140310183541.0
008 110820s19uu xx 00 eng d
020 _a978-981-4336-62-8
050 _aRM 301.12
_b.Sp767 2011
100 _aSpratto, George
245 _aDelmar nurse's drug handbook /
_cGeorge Spratto; Adrienne Woods.
260 _aAustralia :
_bCengage Learning,
_c2011.
300 _a1222 p. :
_c18 cm.
521 _aNUR
650 _aDrugs
_xHandbooks
650 _aDrugs
_xNurses instruction
700 _aWoods, Adrienne
942 _cBK
_2lcc
_kFOR
999 _c24807
_d24807